[Event "AUTO-MASTER-2754"]
[Site "http://www.queenalice.com/game.php?id=1543654"]
[Date "2018.9.26"]
[Round "2"]
[White "Josecarlos"]
[Black "cerenzo72"]
[Result "1-0"]
[WhiteElo "1968"]
[BlackElo "2175"]

1. e4 e5 2. Nf3 Nf6 3. Bc4 Nxe4 4. Qe2 d5 5. Nxe5 dxc4 6. Qxe4 Qe7 7. Nc3 Be6 8.
O-O c6 9. Re1 g6 10. h3 Bg7 11. Nxc4 O-O 12. d3 Nd7 13. Bf4 Qf6 14. Nd6 Nc5 15.
Qe3 b6 16. Nd1 Rad8 17. Bg5 Rxd6 18. Bxf6 Bxf6 19. Rb1 Bxa2 20. Ra1 Bd5 21. Qf4
Rfd8 22. Rxa7 Bg7 23. b4 R6d7 24. Rxd7 Nxd7 25. c4 Be6 26. Qc7 Bf6 27. Qxc6 Ne5
28. Qxb6 Nxd3 29. Re4 Nxb4 30. Ne3 Be7 31. c5 Nd3 32. c6 Rc8 33. c7 Nc5 34. Nd5
Bf8 35. Rd4 Bxd5 36. Rxd5 Ne6 37. Rd7 Ra8 38. Kh2 Rc8 39. g3 Bc5 40. Qb7 Rxc7
41. Rxc7 Nxc7 42. Qxc7 Bxf2 43. Qb8+ Kg7 44. Qb2+ 1-0

[Event "AUTO-MASTER-2754"]
[Site "http://www.queenalice.com/game.php?id=1543657"]
[Date "2018.9.26"]
[Round "2"]
[White "Josecarlos"]
[Black "worldwide"]
[Result "0-1"]
[WhiteElo "2001"]
[BlackElo "1830"]

1. e4 e5 2. Nf3 d6 3. c4 b6 4. d3 Bb7 5. Be2 Nf6 6. h3 Be7 7. Nc3 Na6 8. O-O h6
9. Nh4 Nh7 10. Nf5 Bf6 11. Qe1 g6 12. Nxh6 Ng5 13. Ng4 Nxh3+ 14. gxh3 Rxh3 15.
f4 Bh4 16. Qd1 Rg3+ 17. Kh2 Qd7 18. Rg1 Rxg1 19. Qxg1 O-O-O 20. Nh6 Rh8 21. Bg4
f5 22. exf5 Kb8 23. fxg6 Qg7 24. f5 Rxh6 25. Bxh6 Qxh6 26. Qf1 Bf2+ 27. Bh3 Qf4#
0-1

[Event "AUTO-MASTER-2754"]
[Site "http://www.queenalice.com/game.php?id=1543658"]
[Date "2018.9.26"]
[Round "2"]
[White "worldwide"]
[Black "Josecarlos"]
[Result "0-1"]
[WhiteElo "1840"]
[BlackElo "1991"]

1. Nf3 d5 2. d4 Nc6 3. g3 Bg4 4. Bg2 Nf6 5. Be3 e6 6. a3 h6 7. Nbd2 Bd6 8. h3
Bf5 9. Nh4 Ne7 10. Nxf5 Nxf5 11. Nf1 O-O 12. Qd2 Qe7 13. Bf4 Rfe8 14. Bxd6 Qxd6
15. O-O-O e5 16. dxe5 Rxe5 17. f4 Re7 18. Qe1 Rae8 19. Rd2 Nd4 20. e3 c5 21. Qf2
Nb5 22. g4 a6 23. h4 Nxg4 24. Qg3 Nf6 25. h5 c4 26. c3 Nxa3 0-1

[Event "Challenge"]
[Site "http://www.queenalice.com/game.php?id=1545790"]
[Date "2018.10.13"]
[Round "-"]
[White "Josecarlos"]
[Black "BasterMater"]
[Result "1-0"]
[WhiteElo "1971"]
[BlackElo "1907"]

1. e4 c5 2. c4 e6 3. Nf3 Nc6 4. d3 d5 5. Nc3 dxc4 6. dxc4 Qxd1+ 7. Nxd1 Bd7 8.
Be3 Nb4 9. Kd2 Bc6 10. Bd3 f6 11. Ne1 O-O-O 12. f3 Nxd3 13. Nxd3 b6 14. Nf2 Bd6
15. a4 Ne7 16. g3 Rd7 17. Rhb1 Rhd8 18. Ke2 e5 19. a5 b5 20. b3 a6 21. Ra2 f5
22. Bxc5 fxe4 23. fxe4 Ng6 24. Nd1 Bxe4 25. Bb6 Bxd3+ 26. Kxd3 Bc7+ 27. Ke2 Bxb6
28. axb6 Kb7 29. c5 Rd5 30. b4 Rd4 31. Nc3 Rc4 32. Nxb5 1-0

[Event "AUTO-ADV-4082"]
[Site "http://www.queenalice.com/game.php?id=1546265"]
[Date "2018.10.18"]
[Round "1"]
[White "clovis"]
[Black "Josecarlos"]
[Result "0-1"]
[WhiteElo "2032"]
[BlackElo "1999"]

1. e4 e5 2. Nc3 Nf6 3. Bc4 Bb4 4. d3 Bxc3+ 5. bxc3 d6 6. Bg5 O-O 7. Ne2 c5 8.
O-O h6 9. Bh4 Nbd7 10. f4 exf4 11. Bxf6 Qxf6 12. Nxf4 Qxc3 13. Nd5 Qd4+ 14. Kh1
Ne5 15. Ne7+ Kh8 16. Rb1 Bg4 17. Qe1 Bh5 18. Rxb7 Ng4 19. h3 Ne3 20. Nf5 Nxc2
21. Qh4 Qe5 22. Qxh5 Ne3 23. Nxh6 Qxh5 0-1

[Event "AUTO-ADV-4082"]
[Site "http://www.queenalice.com/game.php?id=1546266"]
[Date "2018.10.18"]
[Round "1"]
[White "Josecarlos"]
[Black "clovis"]
[Result "0-1"]
[WhiteElo "2016"]
[BlackElo "2039"]

1. e4 d5 2. e5 Bf5 3. d4 e6 4. Nf3 c5 5. b3 Nc6 6. Bb5 cxd4 7. Nxd4 Qb6 8. Bg5
Bc5 9. Bxc6+ bxc6 10. c3 Ne7 11. O-O O-O 12. a3 Ng6 13. Qd2 Nxe5 14. b4 Bxd4 15.
cxd4 Nc4 16. Qc3 a5 17. Be7 Rfe8 18. Bc5 axb4 19. Bxb4 e5 20. Bc5 Qb5 21. dxe5
Qxc5 22. a4 Rxe5 23. Qxe5 Nxe5 24. Nd2 d4 25. Nb3 Qc3 26. Nc1 Qxa1 27. Nd3 Qxf1+
28. Kxf1 Bxd3+ 0-1

[Event "AUTO-ADV-4082"]
[Site "http://www.queenalice.com/game.php?id=1546277"]
[Date "2018.10.18"]
[Round "1"]
[White "zmanomega"]
[Black "Josecarlos"]
[Result "0-1"]
[WhiteElo "1709"]
[BlackElo "1992"]

1. e4 e5 2. f4 exf4 3. Nf3 Bd6 4. d4 f6 5. Bc4 b6 6. e5 Qe7 7. Bxf4 Bb7 8. O-O
fxe5 9. Re1 e4 10. Bxd6 Qxd6 11. Ne5 Bd5 12. b3 Nf6 13. Nd2 Nc6 14. Bxd5 Qxd5
15. Nxc6 Qxc6 16. Nf3 O-O 17. Ng5 Rae8 18. c4 a5 19. a4 d5 20. Rc1 Re7 21. Re3
h6 22. cxd5 Qxd5 23. Nh3 Rd8 24. Rc4 c5 25. Nf4 Qd6 26. Ng6 Rc7 27. Rg3 cxd4 28.
Rc1 d3 29. Qd2 Rxc1+ 30. Qxc1 d2 31. Qd1 Qa3 32. h3 Qc1 0-1

[Event "AUTO-ADV-4082"]
[Site "http://www.queenalice.com/game.php?id=1546278"]
[Date "2018.10.18"]
[Round "1"]
[White "Josecarlos"]
[Black "zmanomega"]
[Result "0-1"]
[WhiteElo "2001"]
[BlackElo "1661"]

1. e4 e5 2. Nf3 f6 3. Nc3 c6 4. d4 Qc7 5. Be2 d6 6. dxe5 fxe5 7. h3 Qa5 8. Bd2
Qc7 9. Nh2 g6 10. f4 Bg7 11. O-O exf4 12. Bxf4 Bf8 13. Rb1 a6 14. Bg4 Bxg4 15.
Nxg4 Nd7 16. e5 dxe5 17. Nxe5 Nxe5 18. Bxe5 Qxe5 19. Re1 Qxe1+ 20. Qxe1+ Ne7 21.
Ne4 O-O-O 22. Qc3 Rg8 23. Nf6 Bg7 24. Rf1 Nf5 25. g4 Nh4 26. Qe3 Bxf6 27. Qe6+
Kb8 28. Rxf6 Rge8 29. Qb3 Rd1+ 30. Rf1 Rd2 31. Qg3+ Ka8 32. Qxh4 Rxc2 33. Qxh7
Ree2 34. Qh8+ Ka7 35. Qd4+ Kb8 36. Qd6+ Ka7 37. Qd4+ Kb8 38. Qf4+ Ka7 39. h4
Rg2+ 40. Kh1 Rxb2 41. h5 gxh5 42. gxh5 Rg8 43. Qd4+ Rb6 44. h6 Rg5 45. Rf2 Rh5+
46. Rh2 Rd5 47. Qe3 c5 48. Qc1 Rbd6 49. Qe3 Rd1+ 50. Kg2 Rg6+ 51. Qg3 Rg1+ 52.
Kxg1 Rxg3+ 53. Kf2 Rg8 54. Kf3 c4 55. Ke3 b5 56. a3 Rd8 57. Kf4 a5 58. Kf5 c3
59. h7 Rh8 60. Kg6 b4 61. axb4 axb4 62. Kg7 Rxh7+ 63. Kxh7 b3 64. Rh3 b2 65.
Rxc3 b1=Q+ 66. Kg8 Qg6+ 67. Kf8 Qf6+ 68. Ke8 Qxc3 0-1

[Event "AUTO-ADV-4082"]
[Site "http://www.queenalice.com/game.php?id=1546285"]
[Date "2018.10.18"]
[Round "1"]
[White "Josecarlos"]
[Black "josebaron"]
[Result "0-1"]
[WhiteElo "2014"]
[BlackElo "2029"]

1. e4 e5 2. Nf3 Nc6 3. Bb5 d6 4. Nc3 Nf6 5. Bxc6+ bxc6 6. d3 Be7 7. Be3 O-O 8.
h3 h6 9. Qd2 a5 10. a4 Nh7 11. d4 exd4 12. Nxd4 c5 13. Nf3 c6 14. b3 f5 15. O-O
fxe4 16. Nxe4 d5 17. Nxc5 Bxc5 18. Bxc5 Re8 19. Qd4 Re4 20. Qd3 Ba6 21. c4 Nf6
22. Rfe1 Rxe1+ 23. Rxe1 Ne4 24. Ne5 Nxc5 25. Qf3 Qe8 26. Nd3 Ne4 27. Nc5 Qf8 28.
Qxf8+ Kxf8 29. Nxe4 Re8 30. f3 dxe4 31. fxe4 c5 32. Kh2 Re5 33. g4 Bb7 34. Rf1+
Kg8 35. Rf5 Rxf5 36. exf5 Be4 37. Kg3 Bc2 38. Kf4 Bxb3 39. Ke5 Bxc4 40. Kd6 Bf1
41. h4 c4 42. g5 c3 43. Ke7 hxg5 44. hxg5 Bc4 45. Kd6 c2 46. Kc5 c1=Q 47. g6
Bd3+ 48. Kd5 Bxf5 0-1

[Event "AUTO-ADV-4082"]
[Site "http://www.queenalice.com/game.php?id=1546286"]
[Date "2018.10.18"]
[Round "1"]
[White "josebaron"]
[Black "Josecarlos"]
[Result "0-1"]
[WhiteElo "2034"]
[BlackElo "1997"]

1. e4 e5 2. Bc4 Nf6 3. Nc3 Bb4 4. d3 Nc6 5. Nf3 Bxc3+ 6. bxc3 d6 7. h3 Qe7 8.
O-O O-O 9. Bg5 h6 10. Bh4 a6 11. a4 a5 12. Nh2 Be6 13. Bb3 g5 14. Bg3 Nd7 15.
Qh5 Kh7 16. Bxe6 Qxe6 17. Nf3 Rg8 18. d4 exd4 19. Nxd4 Nxd4 20. cxd4 Nf6 21. Qd1
Qxe4 22. c4 Qc6 23. Qd3+ Qe4 24. Qxe4+ Nxe4 25. d5 Nd2 26. Rfe1 Rac8 27. Rac1 h5
28. Re2 Nb3 29. Rc3 Nd4 30. Re7 Rg7 31. c5 Rgg8 32. cxd6 Ne2+ 33. Kh2 Nxc3 34.
Rxf7+ Kg6 35. Rxc7 Nxd5 36. Rxb7 Nf4 37. Bxf4 gxf4 38. d7 Rc5 39. Ra7 Rd8 40. h4
Kf5 41. Kh3 Ke4 42. g4 hxg4+ 43. Kxg4 Rg8+ 0-1

[Event "AUTO-ADV-4107"]
[Site "http://www.queenalice.com/game.php?id=1553302"]
[Date "2018.12.18"]
[Round "1"]
[White "Consultti"]
[Black "Josecarlos"]
[Result "0-1"]
[WhiteElo "1718"]
[BlackElo "1993"]

1. d4 e6 2. e4 d5 3. e5 Nc6 4. Nf3 f6 5. exf6 Nxf6 6. Nc3 Bb4 7. g3 O-O 8. h4
Ne4 9. Qd3 Qf6 10. Bd2 Qxf3 11. Rg1 e5 12. Rg2 Nxf2 13. Qb5 exd4 14. Rxf2 Qxf2+
15. Kd1 Qxf1+ 16. Be1 Bg4+ 17. Kd2 dxc3+ 0-1

[Event "AUTO-ADV-4107"]
[Site "http://www.queenalice.com/game.php?id=1553303"]
[Date "2018.12.18"]
[Round "1"]
[White "Josecarlos"]
[Black "Consultti"]
[Result "1-0"]
[WhiteElo "1998"]
[BlackElo "1713"]

1. e4 e5 2. Nf3 Nc6 3. Bb5 g6 4. Bxc6 dxc6 5. a3 Qf6 6. d3 c5 7. c4 Qe6 8. b4
Nf6 9. Bb2 Bg7 10. Bxe5 cxb4 11. Bxc7 Qa6 12. e5 Ng4 13. O-O O-O 14. Qb3 Qc6 15.
Ba5 b6 16. Bxb4 Re8 17. d4 Qc7 18. Nbd2 f6 19. Bd6 Qd7 20. Rfe1 fxe5 21. c5+ Kh8
22. Rad1 exd4 23. Ng5 Rf8 24. Bxf8 Bxf8 25. Ndf3 Bxc5 26. Ne5 Qf5 27. Rd2 Qf4
28. Qh3 Qxd2 29. Qxh7# 1-0

[Event "AUTO-ADV-4107"]
[Site "http://www.queenalice.com/game.php?id=1553316"]
[Date "2018.12.18"]
[Round "1"]
[White "askasl159"]
[Black "Josecarlos"]
[Result "0-1"]
[WhiteElo "1700"]
[BlackElo "1999"]

1. e4 e5 2. f4 exf4 3. Nf3 g5 4. h3 d6 5. Bc4 Qe7 6. Nc3 Bf5 7. d3 Nc6 8. O-O
Bg6 9. Qe2 O-O-O 10. Nd5 Qd7 11. d4 Bg7 12. c3 h6 13. Rf2 f6 14. Bd2 h5 15. b4
Qe8 16. Re1 Qd7 17. Qd3 g4 18. hxg4 hxg4 19. Bxf4 gxf3 20. Qxf3 Nge7 21. Re3 Rh4
22. Qe2 Rdh8 23. Rff3 Bh5 24. g3 Rh1+ 25. Kg2 Qh3+ 26. Kf2 Qh2# 0-1

[Event "AUTO-ADV-4107"]
[Site "http://www.queenalice.com/game.php?id=1553317"]
[Date "2018.12.18"]
[Round "1"]
[White "Josecarlos"]
[Black "askasl159"]
[Result "1-0"]
[WhiteElo "2003"]
[BlackElo "1711"]

1. e4 e5 2. Nf3 Nc6 3. Bb5 d6 4. O-O Nf6 5. d4 a6 6. Bxc6+ bxc6 7. Bg5 Be7 8.
Re1 exd4 9. Nxd4 Bd7 10. Qf3 c5 11. Nf5 Bxf5 12. Qxf5 g6 13. Qf3 O-O 14. Nc3 c6
15. e5 dxe5 16. Rxe5 Re8 17. Qxc6 Kg7 18. Ne4 Nxe4 19. Bxe7 Qc8 20. Qxe4 Ra7 21.
Bxc5 Rc7 22. Bd4 Kg8 23. Rxe8+ 1-0

[Event "AUTO-ADV-4107"]
[Site "http://www.queenalice.com/game.php?id=1553324"]
[Date "2018.12.18"]
[Round "1"]
[White "Canaye"]
[Black "Josecarlos"]
[Result "1/2-1/2"]
[WhiteElo "1808"]
[BlackElo "2007"]

1. d4 e6 2. c4 Nf6 3. Nc3 Bb4 4. Qc2 d5 5. cxd5 Nxd5 6. a3 Bxc3+ 7. bxc3 Nc6 8.
Nf3 h6 9. e4 Nb6 10. Bb5 Bd7 11. O-O a6 12. Bd3 O-O 13. Be3 Qc8 14. Rab1 Re8 15.
Rfd1 Ne7 16. d5 exd5 17. Bxb6 cxb6 18. Rxb6 Bc6 19. Ne5 Qc7 20. Rxc6 Nxc6 21.
Nxc6 Qxc6 22. exd5 Qc5 23. d6 Rad8 24. d7 Re7 25. Bh7+ Kf8 26. Bf5 Qxa3 27. h3
g6 28. Bxg6 fxg6 29. Qxg6 Qxc3 30. Qxh6+ Kg8 31. Qg5+ Qg7 32. Qd5+ Rf7 33. Re1
Rxd7 34. Re8+ Kh7 35. Qh5+ Qh6 36. Rh8+ Kxh8 37. Qxh6+ Kg8 38. Qg6+ Kf8 39. Qh6+
Ke8 40. Qe6+ Kd8 41. h4 Kc8 42. h5 Kb8 43. g4 Ka7 44. g5 a5 45. g6 Rfe7 46. Qa2
Re5 47. h6 Rg5+ 48. Kf1 Rxg6 49. Qxa5+ Kb8 50. Qe5+ Ka7 51. Qe3+ b6 52. f3 Rh7
53. Qa3+ Kb7 54. Qd3 Rgxh6 55. Qe4+ Kb8 56. Qe5+ Rc7 57. f4 Kb7 58. f5 Rcc6 59.
Qe7+ 1/2-1/2

[Event "AUTO-ADV-4107"]
[Site "http://www.queenalice.com/game.php?id=1553325"]
[Date "2018.12.18"]
[Round "1"]
[White "Josecarlos"]
[Black "Canaye"]
[Result "1-0"]
[WhiteElo "1984"]
[BlackElo "1810"]

1. e4 e6 2. d4 d5 3. e5 c5 4. c4 Nc6 5. Nf3 Qb6 6. cxd5 exd5 7. Nc3 Nxd4 8. Nxd5
Qc6 9. Bc4 Nxf3+ 10. Qxf3 Be6 11. Bb5 Qxb5 12. Nc7+ Ke7 13. Nxb5 1-0

[Event "Challenge"]
[Site "http://www.queenalice.com/game.php?id=1555763"]
[Date "2019.1.7"]
[Round "-"]
[White "Consultti"]
[Black "Josecarlos"]
[Result "1-0"]
[WhiteElo "1606"]
[BlackElo "2003"]

1. d4 e6 2. e4 c5 3. Nf3 cxd4 4. Qxd4 Nc6 5. Qa4 Bc5 6. b3 Qb6 7. Bb2 f6 8. Bc4
Bxf2+ 9. Kd1 Nge7 10. Nbd2 O-O 11. Bd3 d5 12. exd5 Nxd5 13. Nc4 Ne3+ 14. Ke2
Nxg2 15. Nxb6 Bxb6 16. Bc1 e5 17. Qc4+ Kh8 18. Qe4 g6 19. h4 f5 20. Qc4 h5 21.
Rh2 Nf4+ 22. Bxf4 exf4 23. Ng5 Re8+ 24. Kf1 Ne5 25. Nf7+ Kh7 26. Nxe5 Rxe5 27.
Qf7+ Kh6 28. Qg8 Re7 29. Qf8+ Rg7 30. Re1 Be3 31. Ke2 b6 32. Kd1 Bb7 33. Qf6
Bf3+ 34. Ree2 Bg1 35. Qg5+ Kh7 36. Qxg1 Re7 37. Kc1 Rc7 38. Re6 Bg4 39. Qd4 f3
40. Qf4 Rf7 41. Qe5 Rc8 42. Re8 Rxe8 43. Qxe8 Rc7 44. Qf8 Rg7 45. Bc4 a6 46.
Bxa6 Rg8 47. Qf6 Rb8 48. Rd2 f4 49. Rd6 Bf5 50. Rxb6 Re8 51. Rb7+ 1-0

[Event "Challenge"]
[Site "http://www.queenalice.com/game.php?id=1559666"]
[Date "2019.2.4"]
[Round "-"]
[White "Magogue"]
[Black "Josecarlos"]
[Result "0-1"]
[WhiteElo "1204"]
[BlackElo "1975"]

1. e4 e5 2. Nf3 Nc6 3. Bb5 Nge7 4. Nc3 d6 5. d4 Bd7 6. O-O a6 7. Bxc6 Bxc6 8.
dxe5 Ng6 9. exd6 Bxd6 10. Re1 O-O 11. Bg5 Qd7 12. e5 Be7 0-1

[Event "Challenge"]
[Site "http://www.queenalice.com/game.php?id=1559667"]
[Date "2019.2.4"]
[Round "-"]
[White "Josecarlos"]
[Black "Magogue"]
[Result "1-0"]
[WhiteElo "1973"]
[BlackElo "1206"]

1. c4 e5 2. e4 Nf6 3. Qc2 Nc6 4. Nf3 d6 5. d3 Bg4 6. Be2 Bxf3 7. Bxf3 Nd4 8. Qd1
Nxf3+ 9. Qxf3 Be7 10. O-O O-O 11. Nc3 c6 12. Ne2 Qd7 13. h3 1-0

[Event "AUTO-ADV-4107"]
[Site "http://www.queenalice.com/game.php?id=1572792"]
[Date "2019.5.30"]
[Round "2"]
[White "mascarade"]
[Black "Josecarlos"]
[Result "1-0"]
[WhiteElo "1929"]
[BlackElo "1962"]

1. Nf3 d5 2. d4 Nc6 3. g3 Bg4 4. Bg2 Nf6 5. Nbd2 e6 6. O-O Bd6 7. c4 dxc4 8.
Nxc4 O-O 9. Qb3 b6 10. Nxd6 Qxd6 11. Ne5 Nxd4 12. Qe3 Nxe2+ 13. Kh1 Rad8 14.
Nxg4 Nxg4 15. Qxe2 Qd4 16. Bf3 h5 17. Bg5 Rde8 18. Rad1 Qc5 19. Bxg4 hxg4 20.
Qxg4 f6 21. Bh6 Rf7 22. h4 Qc6+ 23. Kh2 f5 24. Qg6 a5 25. Rc1 Qb5 26. b3 Qd7 27.
Bg5 e5 28. Qc6 Qc8 29. Qg2 g6 30. Rc6 Re6 31. Rfc1 Rxc6 32. Qxc6 Kh7 33. h5 gxh5
34. Qh6+ Kg8 35. Rc6 Rg7 36. Bf6 Qd7 37. Bxg7 Qxg7 38. Rg6 Qxg6 39. Qxg6+ 1-0

[Event "AUTO-ADV-4107"]
[Site "http://www.queenalice.com/game.php?id=1572793"]
[Date "2019.5.30"]
[Round "2"]
[White "Josecarlos"]
[Black "mascarade"]
[Result "0-1"]
[WhiteElo "1981"]
[BlackElo "1910"]

1. e4 e5 2. Nf3 d6 3. Bc4 Nc6 4. d3 Na5 5. Bb3 Nxb3 6. axb3 g6 7. h3 Bg7 8. Nc3
Nh6 9. Nd5 c6 10. Bxh6 Bxh6 11. Nc3 Be6 12. O-O f5 13. Re1 f4 14. d4 Bg7 15. Ng5
Qxg5 16. Qf3 exd4 17. Ne2 Be5 18. Ra2 d5 19. Nc1 O-O-O 20. Rxa7 dxe4 21. Rxe4
Bd5 22. Nd3 Bxe4 23. Qxe4 Rhe8 24. Nc5 Bb8 25. Ne6 Qe7 26. Ra8 Qxe6 27. Qxf4
Qe1+ 28. Kh2 Kd7 29. Rxb8 Rxb8 30. Qxd4+ Kc7 31. b4 Qe5+ 32. Qxe5+ Rxe5 0-1

[Event "AUTO-ADV-4107"]
[Site "http://www.queenalice.com/game.php?id=1572800"]
[Date "2019.5.30"]
[Round "2"]
[White "Josecarlos"]
[Black "musampa"]
[Result "0-1"]
[WhiteElo "1945"]
[BlackElo "1949"]

1. e4 e5 2. Nf3 Nc6 3. Bb5 d6 4. d3 a6 5. Bxc6+ bxc6 6. O-O Bg4 7. h3 Bxf3 8.
Qxf3 h6 9. Nc3 Qf6 10. Qg3 g5 11. Be3 Ne7 12. Ne2 c5 13. c4 Rg8 14. Qh2 h5 15.
Ng3 h4 16. Ne2 Bh6 17. g4 hxg3 18. fxg3 Qg6 19. g4 Rh8 20. Rf3 Bg7 21. Raf1 f6
22. Qf2 Rh4 23. Kg2 Kd7 24. Qe1 Nc6 25. a3 Rah8 26. Nc3 Qh6 27. Qg3 Ne7 28. Ne2
Ng6 29. Ng1 Nf4+ 30. Bxf4 exf4 31. Qf2 Rxg4+ 32. Kh2 Rh4 33. Qg2 Ke6 34. b4 f5
35. exf5+ Kf7 36. b5 a5 37. a4 g4 38. Rxf4 Be5 39. Qg3 Bxf4 40. Rxf4 Qg5 41. Nf3
Rxh3+ 42. Qxh3 Rxh3+ 0-1

[Event "AUTO-ADV-4107"]
[Site "http://www.queenalice.com/game.php?id=1572801"]
[Date "2019.5.30"]
[Round "2"]
[White "musampa"]
[Black "Josecarlos"]
[Result "1-0"]
[WhiteElo "1978"]
[BlackElo "1929"]

1. f4 f5 2. e3 e6 3. Nf3 Nf6 4. d4 d5 5. Bd3 Nc6 6. O-O Be7 7. Nc3 O-O 8. Ne5
Qe8 9. h3 Bb4 10. Nb5 Qe7 11. a3 Ba5 12. b4 Bb6 13. Nxc6 bxc6 14. Nc3 Bd7 15.
Ba6 Be8 16. Na2 Ne4 17. Qf3 Qh4 18. c4 Bh5 19. g4 fxg4 20. hxg4 Bxg4 21. Qh1 Bh3
22. Rf3 Ng5 23. fxg5 Qe1+ 24. Kh2 Qe2+ 25. Kg3 Rf5 26. Rxf5 Bxf5 27. Qf3 Qd3 28.
c5 Qxa6 29. cxb6 cxb6 30. Nc3 Rf8 31. Qe2 Qb7 32. Bd2 Qe7 33. e4 dxe4 34. Nxe4
Bg6 35. Bf4 Qd8 36. Be5 Bxe4 37. Qxe4 Qxg5+ 38. Qg4 Qe3+ 39. Kh2 Qh6+ 40. Kg2
Rf5 41. Bg3 Qd2+ 42. Kh1 Kf7 43. Bh2 h6 44. Rg1 Rg5 45. Qf4+ Qxf4 46. Bxf4 Rf5
47. Be5 g5 48. Kg2 Kg6 49. Rf1 h5 50. Rxf5 exf5 51. a4 g4 52. Kg3 a6 53. Bc7 b5
54. axb5 axb5 55. Bf4 Kf6 56. Kh4 Kg6 57. Bg5 g3 58. Be3 g2 59. Kg3 g1=Q+ 60.
Bxg1 Kg5 61. Bh2 f4+ 62. Kf3 Kf6 63. Kxf4 h4 64. Ke4 Ke6 65. Bb8 h3 66. Bh2 Kd7
67. d5 c5 68. bxc5 b4 69. c6+ Kc8 70. Kd3 1-0